00590nam a22002057a 450000500170000001000110001702000100002803500110003803700160004904000120006508200160007710000210009324500740011426000340018827000330022230000260025550000200028165000510030165000320035220170124110232.0 a757532 c00.00 a757532 bCen Lib/Ret aDPLbEN a016.32bCHA aChanchreek, K.L. aJagjivanram : a select bibliographycby K. L. Chanchreekb1908-1975 / aNew DelhibS.Chand & Coc1975 bNew DelhiaRam Nagare110055 aviii,186p. c21cm(Hb) aIncludes index  aRam, Jagjivan, -- 1908-1986 -- Bibliographyy  aRam, Jagjivan, -- 1908-1986